| 000 | 01332nam a22002657a 4500 | ||
|---|---|---|---|
| 001 | 3615 | ||
| 003 | FISKH | ||
| 005 | 20250528091806.0 | ||
| 008 | 240328b cb ||||| |||| 00| 0 eng d | ||
| 020 | _a9789995054441 | ||
| 040 |
_aFISKH _bkhr _cFISKH _dFISKH |
||
| 050 | _aPZ7 | ||
| 082 | _a523.113 | ||
| 100 | _aCannat, Guillaume | ||
| 245 |
_aលំហរ កាឡាក់ស៊ី ផ្កាយ និងភព/ _cនិពន្ធដោយ Guillaume Cannat ; ប្រែសម្រួលដោយ ស៊ុនហេង ម៉េងឈាង |
||
| 250 | _aThis edition published in 2016 | ||
| 260 |
_aPhnom Penh : _bSipar, _c1998. |
||
| 300 |
_a40 pages : _bcolor illustrations ; _c20 cm |
||
| 520 | _aនៅក្នុងសៀវភៅ លំហរ កាឡាក់ស៊ី ផ្កាយ និងភព នេះសិក្សាអំពីសកល និងយល់ដឺងពីភពទាំងឡាយដែលនៅក្មុងប្រព័ន្ធព្រះអាទិត្យ | ||
| 520 | _aIn the space book, galaxies, stars and planets, learn about the universe and understand the planets in the solar system. | ||
| 650 |
_aភព _xលំហរ _yផ្កាយ |
||
| 650 |
_aSpace _xStar _yPlanet |
||
| 942 |
_2ddc _cKHB _n0 |
||
| 999 |
_c3615 _d3615 |
||